| 000 | 00514nam a22001937a 4500 | ||
|---|---|---|---|
| 003 | NUST - PNEC | ||
| 005 | 20170116180826.0 | ||
| 008 | 150706b xxu||||| |||| 00| 0 eng d | ||
| 020 | _a0070604886 | ||
| 040 | _cLIBRARY | ||
| 082 | _a515 AYR | ||
| 100 |
_94353 _aAyres, Frank |
||
| 245 |
_aSchaum's outline of calculus _cFrank Ayres |
||
| 250 | _a4th ed | ||
| 260 |
_aNew Delhi _bTata McGraw-Hill Publishing Company Limited _cc1962. |
||
| 300 | _a578 p. : | ||
| 650 |
_94354 _aCalculus _xME |
||
| 942 |
_2ddc _cBK |
||
| 999 |
_c63876 _d63876 |
||